000 00800nam a2200229 a 4500
001 000022760
005 20200930021800.0
008 101117s1957 ve ac r 000 0dspa d
040 _aDO-SdBNP
_bspa
_cBNPHU
082 _annnn
_bS562c, 1957
100 1 _aShuster, George N.,
_946762
240 1 0 _aIn silence i speak.
_lEspañol.
245 1 0 _aCon mi silencio hablo :
_bla historia del Cardenal Mindszenty /
_cGeorge N. Shuster.
250 _a2a ed.
260 _aBuenos Aires :
_bÁgora,
_c1957.
300 _a298, [1] p. :
_bil., retrs. ;
_c20 cm.
490 1 _aHombres y problemas
_v1
504 _aIncluye referencias bibliográficas y notas al pie de las páginas.
534 _pTítulo original en inglés:
_tIn silence i speak.
830 0 _aHombres y problemas ;
_v1
_946763
049 _aBNGR
999 _c22257
_d22257